| 000 | 00327nam a2200121Ia 4500 | ||
|---|---|---|---|
| 008 | 210430s9999 xx 000 0 und d | ||
| 082 | _a543 S6287 F | ||
| 100 | _aDouglas A.Skoog | ||
| 245 |
_a Fundamental of Analytical Chemistry _cDouglas A.Skoog |
||
| 260 |
_aAustralia _bThomson _c2005 |
||
| 300 | _a1051p | ||
| 942 |
_cBK _2ddc |
||
| 999 |
_c562202 _d562202 |
||